000 00569nam a2200169Ia 4500
003 GCL
008 140319s9999 xx 000 0 ara d
040 _aGCL /
_cGCL
082 0 4 _a811.6
_bس ا
100 1 _aسامى حسيب رفاعى عابدين
245 1 0 _aالاتجاهات الغنائية /
_cسامى حسيب رفاعى عابدين
490 _aالمنتديات الثقافية فى قصر المأمون
_v0
650 0 4 _aالغناء العربى
650 0 4 _aالفنون الغنائية
650 0 4 _aقصر المأمون
942 _2ddc
_cBK
999 _c44613
_d44613